Statistics for General Knowledge Quiz #47

Click here to take the quiz!

General Stats

  • This quiz has been taken 121,926 times
    (28,698 since last reset)
  • The average score is 14 of 20

Answer Stats

QuestionAnswer% Correct
What is the official language of Brazil?Portuguese
97%
What band's music is featured in the musical "Mamma Mia!"?ABBA
89%
What singer's hits include "Someone Like You" and "Rolling in the Deep"?Adele
86%
What school is accessible via an express train that departs from Platform 9 ¾
at King's Cross station?
Hogwarts
83%
What is the shortest word that starts with gn?Gnu
79%
What is another word for the abominable snowman?Yeti
77%
Which country is connected to Singapore by bridges?Malaysia
76%
What are Rigel, Betelgeuse, and Polaris?Stars
74%
Who is the Incredible Hulk's alter ego?Bruce Banner
70%
In what year did Columbus sail the ocean blue?1492
68%
Who was born in Argentina, was a Communist revolutionary in Cuba,
and was executed in Bolivia?
Che Guevara
68%
Which U.S. President is thought to have had polio?Franklin D. Roosevelt
68%
What term, meaning "the boy", refers to weather conditions caused by warm
water off the Pacific coast of South America?
El Niño
67%
What country was Aesop from?Greece
63%
What is the name of the Japanese mafia?Yakuza
63%
What is the capital of El Salvador?San Salvador
58%
What language gave us the words "chutzpah" and "shtick"?Yiddish
51%
Who is (usually) pursued by Blinky, Inky, Pinky and Clyde?Pac-Man
48%
What is the name of a volcano, a camera company, and a type of apple?Fuji
47%
What Jamaican spice blend is made with allspice, Scotch bonnet peppers,
and other seasonings?
Jerk
47%

Score Distribution

Percentile by Number Answered

Percent of People with Each Score

Your Score History

You have not taken this quiz since the last reset